| 000 | 00695nam a2200277 a 4500 | ||
|---|---|---|---|
| 003 | AR-BaBNM | ||
| 005 | 20251128205734.0 | ||
| 008 | 082120s2002 ||||||||||||||000 | spa|| | ||
| 040 | _cAR-BaBNM | ||
| 100 | 1 | _aFreund, Julien | |
| 245 | 0 | 0 | _aLa esencia de lo político |
| 260 |
_aMadrid _bNacional _c1968 |
||
| 300 | _axv, 963 p. | ||
| 490 | 0 | _aMundo científico. filosofía | |
| 650 | 4 | _aPOLITICA | |
| 650 | 4 | _aINTEGRACION POLITICA | |
| 650 | 4 | _aPOLITICOS | |
| 650 | 4 | _aPODER POLITICO | |
| 650 | 4 | _aESTADO | |
| 650 | 4 | _aSISTEMAS POLITICOS | |
| 650 | 4 | _aDIALECTICA | |
| 653 | _aANALISIS DEL DISCURSO | ||
| 700 | 1 |
_aNöel, Sofía _etraductor |
|
| 942 | _cBK | ||
| 998 | _cMariana | ||
| 999 |
_c12626 _d12626 |
||